Statistics for Random Knowledge Quiz #36

Click here to take the quiz!

General Stats

  • This quiz has been taken 113 times
  • The average score is 9 of 15

Answer Stats

QuestionAnswer% Correct
Which diet does not allow basically any animal products?Vegan
91%
What league are Brown University, Columbia University, Cornell University, Harvard University, University of Pennsylvania, Princeton University, Yale University, and Dartmouth College all part of?Ivy League
89%
Name the cities where you can find a Disney theme park (note - states are not accepted).Orlando
87%
What word can mean both an academic degree and an unmarried man?Bachelor
85%
What is the most coveted and respected award a restaurant or a chef can receive?Michelin Star
84%
Paris
73%
Which country has most bikes per capita?Netherlands
67%
Tokyo
66%
Finish these lyrics: Take my hand / Take my whole life, too / For I can't help...Falling in love with you
62%
What are Fievel, Basil, Stuart, Bianca, Reepicheep, and Jerry?Mice
53%
The name of which vehicle means 'wasp' in Italian?Vespa
49%
Anaheim
47%
Shanghai
33%
Hong Kong
30%
Which 'tea' is made of the unique South African shrub, Aspalathus linearis?Rooibos
10%

Score Distribution

Percentile by Number Answered

Percent of People with Each Score

Your Score History

You have not taken this quiz